Gotama The Buddha (Record no. 14194)
[ view plain ]
| 000 -LEADER | |
|---|---|
| fixed length control field | 003770000a22001570004500 |
| 001 - CONTROL NUMBER | |
| control field | 002282 |
| 003 - CONTROL NUMBER IDENTIFIER | |
| control field | MACL |
| 040 ## - CATALOGING SOURCE | |
| Original cataloging agency | MACL |
| 090 ## - LOCALLY ASSIGNED LC-TYPE CALL NUMBER (OCLC); LOCAL CALL NUMBER (RLIN) | |
| -- | 14275 |
| -- | 14274 |
| 100 ## - MAIN ENTRY--PERSONAL NAME | |
| Personal name | Coomaraswamy, Ananda K |
| 245 ## - TITLE STATEMENT | |
| Title | Gotama The Buddha |
| Remainder of title | The Great thoughts of |
| Statement of responsibility, etc. | Ananda K Coomaraswamy |
| 260 ## - PUBLICATION, DISTRIBUTION, ETC. (IMPRINT) | |
| Place of publication, distribution, etc. | Crest Publishing House, |
| Date of publication, distribution, etc. | 1996 |
| 350 ## - PRICE (NR) (BK AM CF MU VM SE) [OBSOLETE] | |
| Price | 445 |
| 650 ## - SUBJECT ADDED ENTRY--TOPICAL TERM | |
| Topical term or geographic name as entry element | Religion |
| 942 ## - ADDED ENTRY ELEMENTS (KOHA) | |
| Call number prefix | 294 |
| Koha item type | Library Membar |
| Withdrawn status | Lost status | Source of classification or shelving scheme | Damaged status | Not for loan | Home library | Current library | Date acquired | Total Checkouts | Full call number | Barcode | Date last seen | Uniform Resource Identifier | Price effective from | Koha item type |
|---|---|---|---|---|---|---|---|---|---|---|---|---|---|---|
| MACL | MACL | 15/04/2015 | 294.3 COO | CRE010348 | 02/05/2024 | 14077 | 15/04/2015 | Books |









